| 000 | 01123nam a2200313Ia 4500 | ||
|---|---|---|---|
| 005 | 20220317000244.0 | ||
| 008 | 141031s2009 sp a0 sga d s 0j spa | ||
| 020 | _a9788496388956 | ||
| 100 | 1 |
_aZimnik, Reiner _d1930- |
|
| 245 | 1 | 3 |
_aEl pequeño tigre rugidor _ctexto e ilustraciones Reiner Zimnik ; traducción Maruxa Zaera |
| 250 | _aPrimera edición | ||
| 264 | 1 |
_aSevilla _bKalandraka _c2009 |
|
| 300 |
_a63 páginas _bilustraciones en blanco y negro _c25 cm. |
||
| 336 |
_atexto _btxt _2rdacontent |
||
| 337 |
_asin mediación _bn _2rdamedia |
||
| 338 |
_avolumen _bnc _2rdacarrier |
||
| 490 | _aColección sieteleguas | ||
| 650 | 1 | 4 |
_2LEMB _aCuentos infantiles alemanes _ySiglo XX |
| 650 | 1 | 4 |
_2LEMB _aLiteratura infantil alemana _ySiglo XX |
| 650 | 1 | 4 |
_2LEMB _aTigres _vCuento infantil |
| 650 | 1 | 4 |
_2LEMB _aAnimales _vCuento infantil |
| 650 | 1 | 4 |
_2LEMB _aAventuras _vCuento infantil |
| 650 | 1 | 4 |
_2LEMB _aLadrones _vCuento infantil |
| 650 | 1 | 4 |
_2LEMB _aBosques _vCuento infantil |
| 700 | 1 |
_aZaera, Maruxa _etraductora _9103529 |
|
| 942 |
_2loc _cBKINF |
||
| 040 |
_aCO-BoRNBP _bspa _erda _cCO-BoRNBP |
||
| 084 | _aC ZIM1 | ||
| 999 |
_c3538 _d3538 |
||